[Event "British Chess Championships 2023: First Blitz Open"]
[Site "The Venue, De Montfort University, 20 Western Boulevard, Leicester, LE2 7BU"]
[Date "2023.07.20"]
[Round "4"]
[Board "5"]
[White "Pal, Rohan"]
[Black "Broughton, Daniel"]
[Result "1/2-1/2"]
[WhiteElo "1776"]
[BlackElo "1972"]
[PlyCount "0"]
[EventDate "2023.07.20"]
[EventRounds "9"]
[EventCountry "ENG"]

1. e4 e6 2. d4 d5 3. Nc3 dxe4 4. Nxe4 Bd7 5. Nf3 Bc6 6. Bd3 Nd7 7. O-O Ngf6 8. Ng3
Be7 9. Bf4 Bxf3 10. Qxf3 c6 11. c3 O-O 12. Rfe1 Re8 13. h4 Nd5 14. h5 Nxf4 15. Qxf4
h6 16. Rad1 Bg5 17. Qf3 Nf8 18. Ne4 Be7 19. Bb1 Qd5 20. Qd3 Qxh5 21. Ng3 Qg5 22.
Re5 Qh4 23. Re4 Qf6 24. Rg4 g6 25. Nh5 Qf5 26. Qxf5 exf5 27. Rg3 Kh7 28. Nf4 Bd6
29. Rf3 Bxf4 30. Rxf4 Re7 31. Bd3 Rae8 32. Kf1 Ne6 33. Rf3 Ng5 34. Rg3 Ne4 35. Bxe4
Rxe4 36. Rgd3 Rd8 37. d5 cxd5 38. Rxd5 Rxd5 39. Rxd5 Re7 40. f3 Kg7 41. Kf2 Kf6 42.
c4 Ke6 43. b3 Rd7 44. Rb5 b6 45. Ke3 g5 46. a4 Rc7 47. Rd5 Rd7 48. Rb5 f4+ 49. Ke4
f6 50. a5 Rd6 51. axb6 Rxb6 52. Ra5 Rb7 53. Ra6+ Kf7 54. Kf5 Rxb3 55. Rxa7+ Ke8 56.
Kxf6 Rb6+  1/2-1/2

[Event "British Chess Championships 2023: First Blitz Open"]
[Site "The Venue, De Montfort University, 20 Western Boulevard, Leicester, LE2 7BU"]
[Date "2023.07.20"]
[Round "4"]
[Board "6"]
[White "Ortiz Sanchez, Luis"]
[Black "Patel, Rishi"]
[Result "1-0"]
[WhiteElo "1894"]
[BlackElo "1762"]
[PlyCount "0"]
[EventDate "2023.07.20"]
[EventRounds "9"]
[EventCountry "ENG"]

1. e4 e5 2. Bc4 Nc6 3. Nc3 Nf6 4. d3 Bc5 5. f4 d6 6. Na4 Bb6 7. Nxb6 axb6 8. Nf3
O-O 9. O-O Re8 10. a3 Be6 11. Bxe6 fxe6 12. fxe5 dxe5 13. h3 h6 14. Be3 Rf8 15. Qe1
Nh5 16. Qc3 Qd6 17. Rae1 Nf4 18. Bxf4 exf4 19. e5 Qd5 20. Re4 Rf7 21. Nh4 Nd4 22.
Rxd4 Qb5 23. Rdxf4 Rxf4 24. Rxf4 Kh7 25. Qd4 c5 26. Qe4+ Kg8 27. Qxb7 Rf8 28. Rxf8+
Kxf8 29. Qc8+ Kf7 30. Qc7+ Kg8 31. Qe7 Qxb2 32. Qxe6+ Kh7 33. Qf5+ Kg8 34. e6 Qc1+
35. Kh2 Qe1 36. Nf3 Qc3 37. e7  1-0

[Event "British Chess Championships 2023: First Blitz Open"]
[Site "The Venue, De Montfort University, 20 Western Boulevard, Leicester, LE2 7BU"]
[Date "2023.07.20"]
[Round "4"]
[Board "7"]
[White "Bartram, William"]
[Black "Dayal, Samar"]
[Result "1-0"]
[WhiteElo "1932"]
[BlackElo "1151"]
[PlyCount "0"]
[EventDate "2023.07.20"]
[EventRounds "9"]
[EventCountry "ENG"]

1. e4 c5 2. Nf3 d6 3. d4 cxd4 4. Nxd4 Nf6 5. Nc3 g6 6. Be3 Bg7 7. Be2 O-O 8. Qd2
Nc6 9. Nxc6 bxc6 10. Bh6 Rb8 11. Bxg7 Kxg7 12. O-O-O Qb6 13. b3 Qb4 14. f3 Be6 15.
h4 h5 16. Rhg1 a5 17. g4 Qa3+ 18. Kb1 a4 19. Qc1 Qb4 20. Qb2 a3 21. Qa1 c5 22. g5
c4 23. gxf6+ exf6 24. Nd5 Qb5 25. Nxf6 Kh6 26. Nd5 Qc5 27. Qc3 cxb3 28. cxb3 Qa7
29. Qe3+ Qxe3 30. Nxe3 Bxb3 31. axb3 Rxb3+ 32. Kc1 Rc3+ 33. Kd2 Rd3+  1-0

[Event "British Chess Championships 2023: First Blitz Open"]
[Site "The Venue, De Montfort University, 20 Western Boulevard, Leicester, LE2 7BU"]
[Date "2023.07.20"]
[Round "4"]
[Board "8"]
[White "Graff, Ben"]
[Black "Matlak, Oleksandr"]
[Result "1-0"]
[WhiteElo "1705"]
[BlackElo "2158"]
[PlyCount "0"]
[EventDate "2023.07.20"]
[EventRounds "9"]
[EventCountry "ENG"]

1. e4 c5 2. Nc3 Nc6 3. g3 Nf6 4. Bg2 g6 5. d3 Bg7 6. Nge2 O-O 7. O-O Rb8 8. Bf4 d6
9. Qd2 Re8 10. Bh6 Bh8 11. f4 Qb6 12. Kh1 Ng4 13. Bg5 c4 14. d4 e6 15. Na4 Qc7 16.
h3 Nf6 17. e5 dxe5 18. fxe5 Nd5 19. Bxd5 exd5 20. Qf4 Be6 21. Rf2 Nb4 22. Qd2 a5
23. a3 Nc6 24. Raf1 Rf8 25. Nf4 Bg7 26. Nc5 Bf5 27. g4 Be4+ 28. Nxe4 dxe4 29. Nd5
Qc8 30. Nf6+ Kh8 31. Nxe4 Qd7 32. Nd6 b5 33. Rxf7  1-0

[Event "British Chess Championships 2023: First Blitz Open"]
[Site "The Venue, De Montfort University, 20 Western Boulevard, Leicester, LE2 7BU"]
[Date "2023.07.20"]
[Round "4"]
[Board "9"]
[White "Wastney, Dylan"]
[Black "Gopakumar, Siddharth"]
[Result "0-1"]
[WhiteElo "1878"]
[BlackElo "1892"]
[PlyCount "0"]
[EventDate "2023.07.20"]
[EventRounds "9"]
[EventCountry "ENG"]

1. e4 c5 2. Nc3 Nc6 3. Bb5 Nd4 4. Bc4 e5 5. Nge2 d6 6. d3 a6 7. f4 Be6 8. Bxe6 Nxe6
9. fxe5 dxe5 10. O-O h6 11. Ng3 Nd4 12. Nd5 Ne7 13. Ne3 g6 14. c3 Ne6 15. Qf3 Nf4
16. Ng4 Bg7 17. Bxf4 exf4 18. Qxf4 O-O 19. Rad1 g5 20. Qf2 Qb6 21. Nf5 Nxf5 22. Qxf5
Qxb2 23. c4 Qd4+ 24. Kh1 b5 25. cxb5 axb5 26. Rd2 Ra3 27. Rfd1 Rfa8 28. e5 Rxa2 29.
Rxa2 Rxa2 30. h3 Qf4 31. Qc8+ Kh7 32. Qxc5 h5 33. Ne3 Bxe5 34. Nf1 Rf2 35. Kg1 Bd4
36. Qd5 Rxf1#  0-1

[Event "British Chess Championships 2023: First Blitz Open"]
[Site "The Venue, De Montfort University, 20 Western Boulevard, Leicester, LE2 7BU"]
[Date "2023.07.20"]
[Round "4"]
[Board "10"]
[White "Kothari, Jai"]
[Black "Pandya, Dhairya"]
[Result "1-0"]
[WhiteElo "1951"]
[BlackElo "1662"]
[PlyCount "0"]
[EventDate "2023.07.20"]
[EventRounds "9"]
[EventCountry "ENG"]

1. e4 e5 2. Nf3 Nc6 3. Bb5 a6 4. Bxc6 dxc6 5. h3 Bd6 6. O-O Nf6 7. d4 Qe7 8. dxe5
Bxe5 9. Nxe5 Qxe5 10. Nc3 O-O 11. f4 Qe7 12. Qf3 Be6 13. Re1 Rfe8 14. f5 Bd7 15.
e5 Qc5+ 16. Qe3 Rxe5 17. Qxc5 Rxc5 18. g4 Re8 19. Bf4 Nd5 20. Nxd5 cxd5 21. c3 c6
22. Rxe8+ Bxe8 23. Re1 Bd7 24. Re7 b6  1-0

[Event "British Chess Championships 2023: First Blitz Open"]
[Site "The Venue, De Montfort University, 20 Western Boulevard, Leicester, LE2 7BU"]
[Date "2023.07.20"]
[Round "4"]
[Board "11"]
[White "Goss, Alex"]
[Black "Gay, Conor DI"]
[Result "0-1"]
[WhiteElo "1801"]
[BlackElo "1909"]
[PlyCount "0"]
[EventDate "2023.07.20"]
[EventRounds "9"]
[EventCountry "ENG"]

1. e4 c5 2. Nf3 d6 3. Bb5+ Nc6 4. O-O Bd7 5. Re1 a6 6. Bf1 Bg4 7. Be2 Nf6 8. Nc3
e6 9. h3 Bh5 10. d3 Be7 11. Nh2 Bg6 12. Ng4 O-O 13. Nxf6+ Bxf6 14. Bf4 b5 15. Rb1
d5 16. exd5 exd5 17. Bf3 Bxc3 18. bxc3 Rc8 19. Bh5 Qf6 20. Bg3 Qxc3 21. Bg4 Rce8
22. Rxe8 Rxe8 23. Bd7 Re6 24. Bxe6 fxe6 25. Qe1 Qxe1+ 26. Rxe1 Kf7 27. Bd6 c4 28.
dxc4 bxc4 29. c3 Be4 30. f3 Bd3 31. Kf2 Kf6 32. f4 h6 33. Be5+ Kf7 34. Bd6 g5 35.
fxg5 hxg5 36. Re3 Be4 37. Rg3 Kf6 38. Ba3 Kf5 39. Bc1 Ne5 40. Rxg5+ Kf6 41. Bf4 Nd3+
42. Kg3 e5 43. Bd2 Bf5 44. Rh5 d4 45. Rh6+ Bg6 46. cxd4 exd4 47. h4 Kf5 48. h5 Be8
49. Rxa6 c3 50. Bxc3 dxc3 51. Ra5+ Ke4 52. Ra7 Kd4 53. Rc7 Nc5 54. Rc8 c2 55. Rd8+
Kc3 56. h6 c1=Q 57. h7 Qg5  0-1

[Event "British Chess Championships 2023: First Blitz Open"]
[Site "The Venue, De Montfort University, 20 Western Boulevard, Leicester, LE2 7BU"]
[Date "2023.07.20"]
[Round "4"]
[Board "12"]
[White "Masani, Matthew M"]
[Black "Mandnikar, Atreya"]
[Result "1-0"]
[WhiteElo "1862"]
[BlackElo "1602"]
[PlyCount "0"]
[EventDate "2023.07.20"]
[EventRounds "9"]
[EventCountry "ENG"]

1. d4 d5 2. Bf4 e6 3. e3 c5 4. Nf3 Nc6 5. Nbd2 Nf6 6. c3 Bd6 7. Bg3 O-O 8. Bd3 cxd4
9. exd4 Re8 10. Ne5 Nd7 11. Nxc6 bxc6 12. Bxd6 e5 13. O-O e4 14. Bc2 Nf6 15. Bg3
Bg4 16. f3 e3 17. fxg4 e2 18. Qe1 exf1=Q+ 19. Qxf1 Qb6 20. Rb1 c5 21. g5 Ne4 22.
Nxe4 dxe4 23. Be5 cxd4 24. Bxd4 Qd6 25. Qf5 Qe6 26. Qxe6 Rxe6 27. Re1 Rae8 28. Re3
h6 29. gxh6 gxh6 30. b4 Ra6 31. a4 f5 32. b5 Rd6 33. Rg3+  1-0

[Event "British Chess Championships 2023: First Blitz Open"]
[Site "The Venue, De Montfort University, 20 Western Boulevard, Leicester, LE2 7BU"]
[Date "2023.07.20"]
[Round "4"]
[Board "13"]
[White "Vashisht-Pigem, Raman"]
[Black "Goatcher, Matthew W"]
[Result "1-0"]
[WhiteElo "1695"]
[BlackElo "1806"]
[PlyCount "0"]
[EventDate "2023.07.20"]
[EventRounds "9"]
[EventCountry "ENG"]

1. e4 Nf6 2. e5 Nd5 3. c4 Nb6 4. d4 d6 5. exd6 cxd6 6. Nc3 g6 7. h3 Bg7 8. Nf3 O-O
9. Be2 Nc6 10. O-O e6 11. Be3 Bd7 12. c5 Nc8 13. Nb5 Be8 14. Bf4 e5 15. dxe5 dxe5
16. Qxd8 Nxd8 17. Nxe5 Bxb5 18. Bxb5 Ne6 19. Nd3 Bxb2 20. Rab1 Bg7 21. c6 b6 22.
c7 Nxf4 23. Nxf4 Nd6 24. Bd7 Nc8 25. Bc6 Ne7 26. Bxa8 Rxa8 27. Rfd1 Nc6 28. Rbc1
Ne7 29. Rd8+ Rxd8 30. cxd8=Q+ Bf8 31. Rc7 Kg7 32. Rxe7 Bxe7 33. Qxe7 h5 34. Ne6+
 1-0

[Event "British Chess Championships 2023: First Blitz Open"]
[Site "The Venue, De Montfort University, 20 Western Boulevard, Leicester, LE2 7BU"]
[Date "2023.07.20"]
[Round "4"]
[Board "14"]
[White "Hayes, Solomon"]
[Black "Hankey, Chris P"]
[Result "0-1"]
[WhiteElo "1781"]
[BlackElo "1680"]
[PlyCount "0"]
[EventDate "2023.07.20"]
[EventRounds "9"]
[EventCountry "ENG"]

1. e4 c5 2. Nf3 d6 3. Bb5+ Bd7 4. Bxd7+ Qxd7 5. c4 Nf6 6. Nc3 Nc6 7. d4 cxd4 8. Nxd4
g6 9. f3 Bg7 10. Be3 O-O 11. O-O a6 12. Rc1 Ne5 13. b3 Nc6 14. a4 Nh5 15. Qd2 Na5
16. Qc2 Nc6 17. Nxc6 bxc6 18. Rcd1 Qc7 19. Ne2 c5 20. Nc3 Rab8 21. Nd5 Qd8 22. Bxc5
e6 23. Ne3 dxc5 24. Rxd8 Rfxd8 25. Rd1 Bd4 26. Kf2 Rb7 27. Ke2 Nf4+ 28. Kf2 Rbd7
29. Rxd4 Rxd4 30. Ng4 Rd2+ 31. Qxd2 Rxd2+ 32. Ke3 Rd3+ 33. Kxf4 Rxb3 34. Nf6+ Kh8
35. Nd7 Rb4 36. Nxc5 Rxc4 37. Nxa6 Rxa4 38. Nc5 Ra5 39. Nd7 Kg7 40. h4 h6 41. g4
Ra7 42. Ne5 f6 43. Nd3 Ra3 44. Nc5 e5+ 45. Kg3 Rc3 46. Nb7 Kf8 47. h5 gxh5 48. gxh5
Ke7 49. Na5 Kd7 50. Kg4 Kc7 51. Kf5 Kb6 52. Kxf6 Kxa5 53. Kxe5 Kb6 54. Kf5 Rxf3+
55. Ke5 Kc5 56. Ke6 Re3 57. e5 Kd4 58. Kf6 Rxe5 59. Kg6 Ke4 60. Kxh6 Kf5 61. Kg7
Kg5 62. h6 Re7+ 63. Kh7  0-1

[Event "British Chess Championships 2023: First Blitz Open"]
[Site "The Venue, De Montfort University, 20 Western Boulevard, Leicester, LE2 7BU"]
[Date "2023.07.20"]
[Round "5"]
[Board "1"]
[White "Badacsonyi, Stanley"]
[Black "Dong, Bao Nghia"]
[Result "1-0"]
[WhiteElo "2231"]
[BlackElo "2310"]
[PlyCount "0"]
[EventDate "2023.07.20"]
[EventRounds "9"]
[EventCountry "ENG"]

1. d4 Nf6 2. Bg5 c5 3. Bxf6 gxf6 4. d5 d6 5. Nf3 Bg7 6. c3 f5 7. e3 Bf6 8. Nbd2 Nd7
9. Bd3 Nf8 10. Qc2 Qb6 11. Bxf5 Bxf5 12. Qxf5 Qxb2 13. Rb1 Qxa2 14. O-O Ng6 15. Rxb7
O-O 16. Ne4 Bg7 17. h4 e6 18. dxe6 fxe6 19. Qh5 Rf5 20. Nfg5 Nf8 21. Nxd6 Qd5 22.
Rd1 Rxg5 23. hxg5 Qe5 24. Qf7+ Kh8 25. Rxa7 Rd8 26. Qe7 Rxd6 27. Rxd6 Qxc3 28. Qxg7+
Qxg7 29. Rxg7 Kxg7 30. Rc6 Kg6 31. Rxc5 Nd7 32. Ra5 e5 33. f4 Kf5 34. Kf2 Ke4 35.
Ra4+ Kf5 36. Kf3 exf4 37. exf4  1-0

[Event "British Chess Championships 2023: First Blitz Open"]
[Site "The Venue, De Montfort University, 20 Western Boulevard, Leicester, LE2 7BU"]
[Date "2023.07.20"]
[Round "5"]
[Board "2"]
[White "Stubbs, Oliver"]
[Black "Han, Yichen"]
[Result "0-1"]
[WhiteElo "2050"]
[BlackElo "2355"]
[PlyCount "0"]
[EventDate "2023.07.20"]
[EventRounds "9"]
[EventCountry "ENG"]

1. d4 d5 2. Nf3 Nf6 3. Bf4 e6 4. e3 Bd6 5. Bg3 b6 6. c3 O-O 7. Nbd2 c5 8. Bd3 Ba6
9. Bxa6 Nxa6 10. Qe2 Nb8 11. Bh4 Be7 12. Ne5 Qc7 13. O-O Nbd7 14. Nxd7 Qxd7 15. Rad1
c4 16. e4 b5 17. Bxf6 Bxf6 18. Rfe1 g6 19. Qf3 Bg7 20. exd5 exd5 21. Nf1 Rad8 22.
Re2 a5 23. Rde1 Qd6 24. Re7 b4 25. Qg3 Qxg3 26. hxg3 a4 27. Rb7 Rb8 28. Ree7 a3 29.
bxa3 bxc3 30. Ne3 Rxb7 31. Rxb7 Bxd4 32. Nc2 Bf6 33. Rd7 d4 34. Nxd4 Rb8 35. Nc2
Rb2 36. Rd6 Rxc2 37. Rxf6 Rc1+ 38. Kh2 c2 39. Rc6 Rh1+ 40. Kxh1 c1=Q+ 41. Kh2 c3
42. a4 Qa3 43. Rc4 Qb2 44. a5 c2 45. a6 c1=Q 46. a7 Qh6+ 47. Rh4 Qxh4+ 48. gxh4 Qxa2
 0-1

[Event "British Chess Championships 2023: First Blitz Open"]
[Site "The Venue, De Montfort University, 20 Western Boulevard, Leicester, LE2 7BU"]
[Date "2023.07.20"]
[Round "5"]
[Board "3"]
[White "Pilley, Jack"]
[Black "Wells, Tony D"]
[Result "1-0"]
[WhiteElo "2037"]
[BlackElo "2070"]
[PlyCount "0"]
[EventDate "2023.07.20"]
[EventRounds "9"]
[EventCountry "ENG"]

1. e4 e5 2. Nc3 Nc6 3. Bc4 Nf6 4. d3 Na5 5. Bb3 Nxb3 6. axb3 Bb4 7. Nge2 c6 8. O-O
d6 9. f4 Ng4 10. Qe1 h5 11. h3 Bc5+ 12. Kh1 a6 13. fxe5 dxe5 14. Ng3 b5 15. Nf5 g6
16. Ne3 Qb6 17. Rf3 Be6 18. Bd2 O-O-O 19. Ncd1 g5 20. Ba5 Qa7 21. Bxd8 Rxd8 22. Nf5
Rh8 23. b4 Bb6 24. Nd6+ Kd7 25. Nxf7 Bxf7  1-0

[Event "British Chess Championships 2023: First Blitz Open"]
[Site "The Venue, De Montfort University, 20 Western Boulevard, Leicester, LE2 7BU"]
[Date "2023.07.20"]
[Round "5"]
[Board "4"]
[White "Gopakumar, Siddharth"]
[Black "Ortiz Sanchez, Luis"]
[Result "1/2-1/2"]
[WhiteElo "1892"]
[BlackElo "1894"]
[PlyCount "0"]
[EventDate "2023.07.20"]
[EventRounds "9"]
[EventCountry "ENG"]

1. e4 c5 2. Nf3 Nc6 3. Bb5 g6 4. Bxc6 dxc6 5. c3 Bg7 6. O-O Nf6 7. d3 Nd7 8. h3 O-O
9. Be3 b6 10. d4 cxd4 11. cxd4 Bb7 12. Nc3 Re8 13. a4 Nf8 14. a5 bxa5 15. Qa4 Ba6
16. Rfc1 Bb5 17. Nxb5 cxb5 18. Qxb5 Rb8 19. Qxa5 Rxb2 20. Qxd8 Rxd8 21. Rxa7 Ne6
22. Rxe7 Nxd4 23. Bxd4 Bxd4 24. Nxd4 Rxd4 25. Rcc7 Rd1+ 26. Kh2 Rxf2 27. Rc5 h6 28.
Rc3 Kg7 29. e5 Re1 30. Rg3 Rf5 31. Rf3 Rexe5 32. Rxe5 Rxe5 33. Kg3 f5 34. Ra3 Re6
35. Kf3 Kf6 36. g4 fxg4+ 37. hxg4 Rd6 38. Rb3 Rd5 39. Kg3 Kg5 40. Kh3 Rc5 41. Ra3
Re5 42. Rb3 Kf4 43. Rb4+ Re4 44. Rb6 Re3+ 45. Kg2 Kg5 46. Kf2 Rd3 47. Rb4 Ra3 48.
Rc4 Kh4 49. Kg2 Ra2+ 50. Kf3 Ra1 51. Kg2 Ra5 52. Kf3 Ra3+ 53. Kg2 Rd3 54. Rb4 Kg5
55. Kf2 Rd5 56. Ra4 Kf6 57. Kf3 Ke5 58. Re4+ Kf6 59. Ra4 Rc5 60. Kf4 g5+ 61. Ke4
Re5+ 62. Kd4 Re1 63. Ra6+ Kg7 64. Kd5 Rf1 65. Ra4 Kg6 66. Ke5 Re1+ 67. Kd5 Re7 68.
Ra6+ Kg7 69. Rb6 Rf7 70. Rb4 Kf6 71. Rb6+ Kg7 72. Rb4 Re7 73. Ra4 Re1 74. Rb4 Rh1
75. Ke5 Rh4 76. Kf5 Rh3 77. Rb7+ Kf8 78. Rb4 Kg7  1/2-1/2

[Event "British Chess Championships 2023: First Blitz Open"]
[Site "The Venue, De Montfort University, 20 Western Boulevard, Leicester, LE2 7BU"]
[Date "2023.07.20"]
[Round "5"]
[Board "5"]
[White "Broughton, Daniel"]
[Black "Graff, Ben"]
[Result "1-0"]
[WhiteElo "1972"]
[BlackElo "1705"]
[PlyCount "0"]
[EventDate "2023.07.20"]
[EventRounds "9"]
[EventCountry "ENG"]

1. d4 d5 2. c4 e6 3. e3 Nf6 4. Nc3 Bb4 5. Nf3 Ne4 6. Qc2 O-O 7. Bd3 f5 8. O-O Nd7
9. a3 Bxc3 10. bxc3 c6 11. cxd5 cxd5 12. c4 Qf6 13. Bb2 b6 14. cxd5 exd5 15. Rac1
Qd6 16. Qc6 Rf6 17. Qxa8 Rf8 18. Qc6 Qg6 19. Qxd5+ Kh8 20. Rxc8 Rxc8 21. Qxd7 Rf8
22. Rc1 Nd6 23. Rc6 Rf6 24. Qd8+ Qe8 25. Rxd6  1-0

[Event "British Chess Championships 2023: First Blitz Open"]
[Site "The Venue, De Montfort University, 20 Western Boulevard, Leicester, LE2 7BU"]
[Date "2023.07.20"]
[Round "5"]
[Board "6"]
[White "Pal, Rohan"]
[Black "Bartram, William"]
[Result "1-0"]
[WhiteElo "1776"]
[BlackElo "1932"]
[PlyCount "0"]
[EventDate "2023.07.20"]
[EventRounds "9"]
[EventCountry "ENG"]

1. e4 c5 2. Nf3 e6 3. d3 Nc6 4. g3 Nge7 5. Bg2 d5 6. Qe2 d4 7. e5 Ng6 8. h4 h5 9.
O-O Qc7 10. Re1 Be7 11. a4 Bd7 12. Na3 a6 13. Nc4 Na5 14. b3 Bc6 15. Bd2 Nxc4 16.
bxc4 Kd7 17. c3 dxc3 18. Bxc3 Rad8 19. d4 cxd4 20. Bxd4 Ke8 21. Qb2 Rc8 22. Bb6 Qb8
23. Red1 Bd8 24. Bxd8 Rxd8 25. Qb6 Ke7 26. Qc5+ Ke8 27. Rd6 Rxd6 28. exd6 Kd7 29.
Ng5 Rf8 30. Bxc6+ bxc6 31. Ne4 Rc8 32. Qd4 f6 33. Nc5+ Kd8 34. Nxe6+ Kd7 35. Nc5+
Kd8 36. d7 Rc7 37. Ne6+ Ke7 38. d8=Q+  1-0

[Event "British Chess Championships 2023: First Blitz Open"]
[Site "The Venue, De Montfort University, 20 Western Boulevard, Leicester, LE2 7BU"]
[Date "2023.07.20"]
[Round "5"]
[Board "7"]
[White "Dayal, Samar"]
[Black "Kothari, Jai"]
[Result "0-1"]
[WhiteElo "1151"]
[BlackElo "1951"]
[PlyCount "0"]
[EventDate "2023.07.20"]
[EventRounds "9"]
[EventCountry "ENG"]

1. e4 e5 2. Nf3 Nc6 3. Bc4 Nf6 4. O-O Be7 5. Nc3 O-O 6. d4 exd4 7. Nxd4 Ne5 8. Bb3
c5 9. Nf5 d6 10. Ne3 a6 11. f4 Nc6 12. Ned5 Nd4 13. Be3 Nxb3 14. axb3 Be6 15. e5
Nxd5 16. Nxd5 dxe5 17. Nxe7+ Qxe7 18. fxe5 Rfd8 19. Qf3 Bd5 20. Qg3 Re8 21. Rf5 Be4
22. Rg5 Bg6 23. Bf4 h6 24. Rg4 Rad8 25. h4 h5 26. Rg5 c4 27. Re1 cxb3 28. Qxb3 Qc5+
29. Be3 Qc6 30. Rf1 Rd5 31. Bf4 Rb5 32. Qg3 Rxb2 33. c3 Rc2 34. Rf3 a5 35. Re3 a4
36. c4 Rxc4 37. Ra3 b5 38. Qf2 b4 39. Ra1 b3 40. Qa7 b2 41. Rf1 Rc1 42. Bxc1 bxc1=Q
43. Rxc1 Qxc1+ 44. Kh2 Qf4+ 45. Kg1 Rd8 46. g3 Qf3 47. e6 Rd1+ 48. Kh2 Rh1#  0-1

[Event "British Chess Championships 2023: First Blitz Open"]
[Site "The Venue, De Montfort University, 20 Western Boulevard, Leicester, LE2 7BU"]
[Date "2023.07.20"]
[Round "5"]
[Board "8"]
[White "Khan, Mohammed"]
[Black "Dhemrait, Jagdeep"]
[Result "1-0"]
[WhiteElo "1949"]
[BlackElo "1718"]
[PlyCount "0"]
[EventDate "2023.07.20"]
[EventRounds "9"]
[EventCountry "ENG"]

1. e4 c5 2. Nc3 Nc6 3. g3 a6 4. Bg2 g6 5. d3 Bg7 6. Nge2 e6 7. O-O Nge7 8. f4 O-O
9. g4 d5 10. Ng3 c4 11. f5 exf5 12. gxf5 cxd3 13. cxd3 dxe4 14. f6 Bxf6 15. Rxf6
Qd4+ 16. Rf2 e3 17. Re2 Bg4 18. Bxe3 Bxe2 19. Qxe2 Qb4 20. Bh6 Rfe8 21. Nge4 f5 22.
Nf6+ Kf7 23. Nxe8 Rxe8 24. Re1 Qh4 25. Qe3 Kg8 26. Bg5 f4 27. Bxh4 fxe3 28. Rxe3
Kf7 29. Nd5 Nxd5 30. Bxd5+ Kf8 31. Rxe8+ Kxe8 32. Bxc6+ bxc6 33. Kf2 Kd7 34. Ke3
Ke6 35. Ke4 Kd6 36. Bf2 c5 37. h4 a5 38. a4 h6 39. Be3 h5 40. b3 Kc6 41. Ke5  1-0

[Event "British Chess Championships 2023: First Blitz Open"]
[Site "The Venue, De Montfort University, 20 Western Boulevard, Leicester, LE2 7BU"]
[Date "2023.07.20"]
[Round "5"]
[Board "9"]
[White "Gay, Conor DI"]
[Black "Vashisht-Pigem, Raman"]
[Result "1-0"]
[WhiteElo "1909"]
[BlackElo "1695"]
[PlyCount "0"]
[EventDate "2023.07.20"]
[EventRounds "9"]
[EventCountry "ENG"]

1. e4 e6 2. d4 d5 3. exd5 exd5 4. Bd3 Nc6 5. c3 Bd6 6. Nf3 Bg4 7. O-O Nge7 8. Re1
Qd7 9. Nbd2 O-O-O 10. b4 Ng6 11. b5 Nce7 12. Qb3 f6 13. a4 Rhe8 14. Ba3 Bxa3 15.
Qxa3 Nf5 16. h3 Bxf3 17. Nxf3 Nf4 18. Bf1 Qd6 19. Qb3 g5 20. a5 h5 21. Qc2 Qd7 22.
b6 cxb6 23. axb6 Rxe1 24. Nxe1 a6 25. Ra5 Nd6 26. Rc5+ Kb8 27. Rc7 Qe8 28. Nf3 Rd7
29. Rc5 Ne4 30. Ra5 Qc8 31. Bd3 Qxc3 32. Bxe4 Qxa5 33. Bf5 Qb5 34. Bxd7 Qxd7 35.
Qc5 Ne6 36. Qb4 Qc6 37. g3 Qc1+ 38. Kg2 Qc4 39. Qe7 Qc8 40. Qd6+ Ka8 41. Ne1 Nxd4
42. Qc7  1-0

[Event "British Chess Championships 2023: First Blitz Open"]
[Site "The Venue, De Montfort University, 20 Western Boulevard, Leicester, LE2 7BU"]
[Date "2023.07.20"]
[Round "5"]
[Board "10"]
[White "Patel, Rishi"]
[Black "Masani, Matthew M"]
[Result "1-0"]
[WhiteElo "1762"]
[BlackElo "1862"]
[PlyCount "0"]
[EventDate "2023.07.20"]
[EventRounds "9"]
[EventCountry "ENG"]

1. e4 d5 2. exd5 Nf6 3. d4 Bg4 4. Be2 Bxe2 5. Nxe2 Qxd5 6. O-O Nc6 7. Nbc3 Qh5 8.
Be3 O-O-O 9. Qe1 e5 10. dxe5 Qxe5 11. Bf4 Qh5 12. Rd1 Bc5 13. Bg3 g5 14. Na4 Be7
15. c4 Qg4 16. b3 h5 17. h3 Qf5 18. Qc3 g4 19. h4 Ne4 20. Qc1 Nxg3 21. fxg3 Qe6 22.
Nf4 Qh6 23. Nc3 Bb4 24. Ncd5 Bc5+ 25. Kh2 Rhf8 26. Qc3 f5 27. b4 Bd6 28. c5 Be5 29.
Qe3 Rfe8 30. Qc1 Nd4 31. Qc4 c6 32. Nc3 Bxf4 33. Rxf4 Ne6 34. Rxd8+ Rxd8 35. Rxf5
Nc7 36. Qf7 Qh8 37. Ne4 Qb2 38. Nd6+ Kb8 39. Qe7  1-0

[Event "British Chess Championships 2023: First Blitz Open"]
[Site "The Venue, De Montfort University, 20 Western Boulevard, Leicester, LE2 7BU"]
[Date "2023.07.20"]
[Round "5"]
[Board "11"]
[White "Hankey, Chris P"]
[Black "Wastney, Dylan"]
[Result "0-1"]
[WhiteElo "1680"]
[BlackElo "1878"]
[PlyCount "0"]
[EventDate "2023.07.20"]
[EventRounds "9"]
[EventCountry "ENG"]

1. d4 Nf6 2. c4 e6 3. Nc3 Bb4 4. Bg5 d5 5. cxd5 exd5 6. Nf3 Bf5 7. e3 c6 8. Bxf6
Qxf6 9. Bd3 Nd7 10. O-O O-O 11. a3 Bd6 12. Qc2 Bxd3 13. Qxd3 Rfe8 14. Rfe1 Qg6 15.
Qxg6 hxg6 16. e4 dxe4 17. Nxe4 Bc7 18. Nc5 Nxc5 19. dxc5 Rad8 20. b4 Rxe1+ 21. Rxe1
Rd3 22. Re3 Rd5 23. Re8+ Kh7 24. Re7 Bd8 25. Re8 Bf6 26. g3 Rd3 27. Re3 Rd5 28. h4
b6 29. cxb6 axb6 30. a4 c5 31. bxc5 Rxc5 32. Rb3 Rc6 33. Nd2 Bd4 34. Rd3  0-1

[Event "British Chess Championships 2023: First Blitz Open"]
[Site "The Venue, De Montfort University, 20 Western Boulevard, Leicester, LE2 7BU"]
[Date "2023.07.20"]
[Round "5"]
[Board "12"]
[White "Matlak, Oleksandr"]
[Black "Goatcher, Matthew W"]
[Result "1-0"]
[WhiteElo "2158"]
[BlackElo "1806"]
[PlyCount "0"]
[EventDate "2023.07.20"]
[EventRounds "9"]
[EventCountry "ENG"]

1. e4 Nf6 2. d3 d5 3. e5 Nfd7 4. f4 e6 5. Nf3 c5 6. c3 Nc6 7. Be2 Be7 8. O-O O-O
9. d4 a6 10. Be3 Qb6 11. Qd2 cxd4 12. cxd4 Qa7 13. Nc3 b5 14. Rac1 Bb7 15. g4 Rac8
16. f5 Nb6 17. f6 gxf6 18. Bh6 Rfe8 19. Qf4 Qb8 20. Qg3 Kh8 21. Bf4 f5 22. gxf5 Rg8
23. Ng5 Bxg5 24. Bxg5 h6 25. h4 hxg5 26. hxg5 Kg7 27. fxe6 Nxd4 28. Rxf7+ Kg6 29.
Bd3+ Kh5 30. Rh7#  1-0